LEADER 01111nam2 22003253i 450 001 UBO1170440 005 20231121125855.0 010 $a8804304553 100 $a20200909d1997 ||||0itac50 ba 101 | $aita 102 $ait 181 1$6z01$ai $bxxxe 182 1$6z01$an 200 1 $a˜2: œProse$fGiacomo Lepoardi$ga cura di Rolando Damiani 205 $a6. ed 210 $aMilano$cA. Mondadori$d1997 215 $aXIV, 1503 p.$d18 cm. 461 1$1001RAV0035704$12001 $aPoesie e prose$fGiacomo Leopardi$v2 676 $a851.7$9POESIA ITALIANA. 1814-1859$v21 700 1$aLeopardi$b, Giacomo$f <1798-1837>$3CFIV002049$4070$0292683 702 1$aDamiani$b, Rolando$3CFIV037190 712 02$aMondadori$3URBV401150 801 3$aIT$bIT-01$c20200909 850 $aIT-FR0017 899 $aBiblioteca umanistica Giorgio Aprea$bFR0017 $eN 912 $aUBO1170440 950 2$aBiblioteca umanistica Giorgio Aprea$d 52MAG 5 Coll C 54.2$e 52FLS0000164625 VMB RS $fA $h20161215$i20161215 977 $a 52 996 $aProse$9148983 997 $aUNICAS